Assessing EU Leadership in Inter-regional Relations (Record no. 91827)

MARC details
000 -LEADER
fixed length control field 01063nam a2200241Ii 4500
008 - FIXED-LENGTH DATA ELEMENTS--GENERAL INFORMATION
fixed length control field 221202s xx 000 0 und d
100 1# - MAIN ENTRY--PERSONAL NAME
Personal name Tercovich, Giulia,
Relator term author
245 #0 - TITLE STATEMENT
Title Assessing EU Leadership in Inter-regional Relations
246 ## - VARYING FORM OF TITLE
Title proper/short title The Case of the Institutionalisation of ASEAN Disaster Management
264 ## - PRODUCTION, PUBLICATION, DISTRIBUTION, MANUFACTURE, AND COPYRIGHT NOTICE
Name of producer, publisher, distributor, manufacturer Taylor & Francis
Date of production, publication, distribution, manufacture, or copyright notice 2022
300 ## - PHYSICAL DESCRIPTION
Extent 1 online resource
336 ## - CONTENT TYPE
Content type term text
Content type code txt
Source rdacontent
337 ## - MEDIA TYPE
Media type term computer
Media type code c
Source rdamedia
338 ## - CARRIER TYPE
Carrier type term online resource
Carrier type code cr
Source rdacarrier
520 ## - SUMMARY, ETC.
Summary, etc. This book comparatively analyses the role of the EU in influencing the policies of other regional organisations by assessing its role in leading the institutionalisation of ASEAN disaster management institutions.
653 ## - INDEX TERM--UNCONTROLLED
Uncontrolled term Asean
653 ## - INDEX TERM--UNCONTROLLED
Uncontrolled term Asia
653 ## - INDEX TERM--UNCONTROLLED
Uncontrolled term Crisis Management
653 ## - INDEX TERM--UNCONTROLLED
Uncontrolled term Disaster Management
653 ## - INDEX TERM--UNCONTROLLED
Uncontrolled term Arpdm
856 ## - ELECTRONIC LOCATION AND ACCESS
Uniform Resource Identifier <a href="https://docs.google.com/spreadsheets/d/1yKIrdCPDAG_9c22mwoOIO2DOhtj65Wqa/edit?usp=sharing&ouid=106555315294820607512&rtpof=true&sd=true ">https://docs.google.com/spreadsheets/d/1yKIrdCPDAG_9c22mwoOIO2DOhtj65Wqa/edit?usp=sharing&ouid=106555315294820607512&rtpof=true&sd=true </a>
Link text List of Curated E-Books
942 ## - ADDED ENTRY ELEMENTS (KOHA)
Koha item type E-Book

No items available.

University of Rizal System
Email us at univlibservices@urs.edu.ph

Visit our Website www.urs.edu.ph/library